000 00666nam a2200217Ia 4500
001 13798
003 GE_BSU
008 181216s||||||||xx |||||||||||||| ||und||
040 _cGE_BSU
080 _a614.84(075)
100 _aАлексеев,М.В. и др.
245 _aОсновы пожарной безопастности.
245 _bУчебное пособие.
245 _cРед. Л.К.Олейник.
260 _aМ.
260 _bВысшая школа.
260 _c1971.
300 _a248 стр. 22см. с илл. Библиогр.: стр.244.
653 _aОсновы пожарной безопастности.
942 _cBK
999 _c46945
_d46945